000 00282nam a2200121Ia 4500
008 191201s2019 xx 000 0 und d
100 _aSANGEETH, Varghese
245 0 _aDecide to Lead
260 _aN.Delhi
_bBusness World
300 _a200
650 _aB.Tech(TE)
942 _2ddc
_cBK
999 _c3454
_d3454